Awareness of American heart association guidelines of preoperative assessment of cardiac patients undergoing non-cardiac surgery among anesthesiologists at Cairo University / (رقم التسجيلة. 53694)
[ عرض عادي ]
| 000 -LEADER | |
|---|---|
| fixed length control field | 02100cam a2200349 a 4500 |
| 003 - CONTROL NUMBER IDENTIFIER | |
| control field | EG-GiCUC |
| 005 - DATE AND TIME OF LATEST TRANSACTION | |
| control field | 20250223031346.0 |
| 008 - FIXED-LENGTH DATA ELEMENTS--GENERAL INFORMATION | |
| fixed length control field | 151202s2015 ua d f m 000 0 eng d |
| 040 ## - CATALOGING SOURCE | |
| Original cataloging agency | EG-GiCUC |
| Language of cataloging | eng |
| Transcribing agency | EG-GiCUC |
| 041 0# - LANGUAGE CODE | |
| Language code of text/sound track or separate title | eng |
| 049 ## - LOCAL HOLDINGS (OCLC) | |
| Holding library | Deposite |
| 097 ## - Thesis Degree | |
| Thesis Level | M.Sc |
| 099 ## - LOCAL FREE-TEXT CALL NUMBER (OCLC) | |
| Classification number | Cai01.11.01.M.Sc.2015.Mo.A |
| 100 0# - MAIN ENTRY--PERSONAL NAME | |
| Personal name | Mohamed Abdelghany Aly Elshazly |
| 245 10 - TITLE STATEMENT | |
| Title | Awareness of American heart association guidelines of preoperative assessment of cardiac patients undergoing non-cardiac surgery among anesthesiologists at Cairo University / |
| Statement of responsibility, etc. | Mohamed Abdelghany Aly Elshazly ; Supervised Maged Salah Abdullah , Hisham Hosny Abdulwahab , Mohamed Khalid Hamza |
| 246 15 - VARYING FORM OF TITLE | |
| Title proper/short title | درجة الوعى بالمبادئ التوجيهية لجمعية القلب الامريكية لتقييم مرضي القلب قبل اجراء عملية جراحية غير قلبية بين اطباء التخدير بجامعة القاهرة |
| 260 ## - PUBLICATION, DISTRIBUTION, ETC. | |
| Place of publication, distribution, etc. | Cairo : |
| Name of publisher, distributor, etc. | Mohamed Abdelghany Aly Elshazly , |
| Date of publication, distribution, etc. | 2015 |
| 300 ## - PHYSICAL DESCRIPTION | |
| Extent | 53 P. : |
| Other physical details | charts ; |
| Dimensions | 25cm |
| 502 ## - DISSERTATION NOTE | |
| Dissertation note | Thesis (M.Sc.) - Cairo University - Faculty of Medicine - Department of Anaesthesia |
| 520 ## - SUMMARY, ETC. | |
| Summary, etc. | In this study essential for clinicians to be familiar with current cardiac risk evaluation. ACC/AHA Guidelines for Perioperative Cardiovascular Evaluation for Non-cardiac Surgery offers the clinician a well-organized, thoughtful, evidenced-based approach to these patients.Therefore, we conducted this survey study with random sample of 125 anesthesiologists at Cairo University hospitals to assess the magnitude of knowledge the American heart association guidelines of preoperative assessment of cardiac patients undergoing non-cardiac surgery |
| 530 ## - ADDITIONAL PHYSICAL FORM AVAILABLE NOTE | |
| Additional physical form available note | Issued also as CD |
| 653 #4 - INDEX TERM--UNCONTROLLED | |
| Uncontrolled term | CAD |
| 653 #4 - INDEX TERM--UNCONTROLLED | |
| Uncontrolled term | Clinical audit |
| 653 #4 - INDEX TERM--UNCONTROLLED | |
| Uncontrolled term | NYHA |
| 700 0# - ADDED ENTRY--PERSONAL NAME | |
| Personal name | Hisham Hosny Abdulwahab , |
| Relator term | |
| 700 0# - ADDED ENTRY--PERSONAL NAME | |
| Personal name | Maged Salah Abdullah , |
| Relator term | |
| 700 0# - ADDED ENTRY--PERSONAL NAME | |
| Personal name | Mohamed Khalid Hamza , |
| Relator term | |
| 856 ## - ELECTRONIC LOCATION AND ACCESS | |
| Uniform Resource Identifier | <a href="http://172.23.153.220/th.pdf">http://172.23.153.220/th.pdf</a> |
| 905 ## - LOCAL DATA ELEMENT E, LDE (RLIN) | |
| Cataloger | Enas |
| Reviser | Cataloger |
| 905 ## - LOCAL DATA ELEMENT E, LDE (RLIN) | |
| Cataloger | Nazla |
| Reviser | Revisor |
| 942 ## - ADDED ENTRY ELEMENTS (KOHA) | |
| Source of classification or shelving scheme | Dewey Decimal Classification |
| Koha item type | Thesis |
| Source of classification or shelving scheme | Not for loan | Home library | Current library | Date acquired | Full call number | Barcode | Date last seen | Koha item type | Copy number |
|---|---|---|---|---|---|---|---|---|---|
| Dewey Decimal Classification | المكتبة المركزبة الجديدة - جامعة القاهرة | قاعة الرسائل الجامعية - الدور الاول | 11.02.2024 | Cai01.11.01.M.Sc.2015.Mo.A | 01010110067027000 | 22.09.2023 | Thesis | ||
| Dewey Decimal Classification | المكتبة المركزبة الجديدة - جامعة القاهرة | مخـــزن الرســائل الجـــامعية - البدروم | 11.02.2024 | Cai01.11.01.M.Sc.2015.Mo.A | 01020110067027000 | 22.09.2023 | CD - Rom | 67027.CD |